[Event "Vrsar Spring op"]
[Site "Vrsar"]
[Date "2024.04.01"]
[Round "6"]
[White "Hamer, Ivan"]
[Black "Mudrinic, Nenad"]
[Result "1/2-1/2"]
[WhiteElo "1866"]
[BlackElo "1924"]
[PlyCount "120"]
[EventDate "2024.04.01"]
[EventType "swiss"]
[EventRounds "9"]
[EventCountry "CRO"]
[SourceTitle "CB16_2024"]
[SourceDate "2024.04.17"]
[SourceVersion "1"]
[SourceVersionDate "2024.04.17"]
[SourceQuality "1"]

1. d4 e6 2. g3 d5 3. Bg2 f5 4. Nf3 Be7 5. Bf4 Nd7 6. Nbd2 Ngf6 7. Ne5 Nxe5 8. Bxe5 Bd6 9. Nf3 Bxe5 10. Nxe5 Nd7 11. Nd3 Qe7 12. b4 0-0 13. 0-0 c6 14. Qd2 e5 15. dxe5 Nxe5 16. Qe3 Re8 17. Qxe5 Qxe5 18. Nxe5 Rxe5 19. e3 Bd7 20. Rfd1 Be8 21. Bf3 Bf7 22. Rd4 a5 23. c3 axb4 24. cxb4 Ra3 25. Rd2 Re8 26. Rc1 Rea8 27. Rcc2 Kf8 28. b5 Be8 29. Rb2 Ke7 30. bxc6 bxc6 31. Bd1 Kd6 32. Bb3 Bf7 33. Kg2 c5 34. g4 g6 35. gxf5 gxf5 36. Bc2 c4 37. Rb7 Bg6 38. Rb5 Bf7 39. Bxf5 Rxa2 40. Rd1 Kc6 41. Rdb1 R8a7 42. Rb6+ Kc7 43. Rf6 Bg6 44. Bxg6 hxg6 45. Rxg6 R7a6 46. Rg7+ Kd6 47. Rc1 Ke5 48. Re7+ Kd6 49. Rf7 Ke5 50. Rf4 R6a3 51. Kf3 c3 52. Rf8 Ra1 53. Re8+ Kf5 54. Rxa1 Rxa1 55. Rc8 Rc1 56. Rc5 Ke6 57. e4 dxe4+ 58. Kxe4 c2 59. Ke3 Rh1 60. Kd2 Ke7 1/2-1/2

[Event "Krapina op 11th"]
[Site "Krapina"]
[Date "2023.01.15"]
[Round "7"]
[White "Hamer, Ivan"]
[Black "Mlinaric, Simun"]
[Result "0-1"]
[WhiteElo "1904"]
[BlackElo "1680"]
[PlyCount "64"]
[EventDate "2023.01.13"]
[EventType "swiss"]
[EventRounds "7"]
[EventCountry "CRO"]
[SourceTitle "CBM 212 Extra"]
[Source "ChessBase"]
[SourceDate "2023.03.31"]
[SourceVersion "1"]
[SourceVersionDate "2023.03.31"]
[SourceQuality "1"]

1. e4 c5 2. Nf3 e6 3. c3 d5 4. e5 Nc6 5. d4 cxd4 6. cxd4 Bb4+ 7. Nc3 Nge7 8. Bd3 h6 9. 0-0 a6 10. Ne2 0-0 11. Ng3 Nf5 12. Nxf5 exf5 13. Qc2 Ne7 14. a3 Ba5 15. b4 Bb6 16. Bb2 Be6 17. a4 Qd7 18. Ba3 Rfc8 19. Qb3 Nc6 20. Bb2 g5 21. b5 Na5 22. Qd1 Nc4 23. Bxc4 dxc4 24. bxa6 Rxa6 25. Bc3 Rca8 26. Rb1 Bd8 27. Nd2 Rxa4 28. Qh5 Kg7 29. f4 Be7 30. fxg5 hxg5 31. Qf3 b5 32. Bb4 Qxd4+ 0-1

[Event "Krapina op 9th"]
[Site "Krapina"]
[Date "2019.01.18"]
[Round "2"]
[White "Klement, Dubravko"]
[Black "Hamer, Ivan"]
[Result "0-1"]
[WhiteElo "1813"]
[BlackElo "2029"]
[PlyCount "78"]
[EventDate "2019.01.17"]
[EventType "swiss"]
[EventRounds "7"]
[EventCountry "CRO"]
[SourceTitle "CBM 188 Extra"]
[Source "ChessBase"]
[SourceDate "2019.02.26"]
[SourceVersion "1"]
[SourceVersionDate "2019.02.26"]
[SourceQuality "1"]

1. d4 d5 2. Nf3 g6 3. Bf4 Bg7 4. e3 Nf6 5. Bd3 0-0 6. 0-0 Nbd7 7. c3 Nh5 8. Bg3 Nxg3 9. hxg3 e5 10. dxe5 Nxe5 11. Nxe5 Bxe5 12. Nd2 c6 13. Nf3 Bg7 14. Qa4 Re8 15. Rfe1 Qb6 16. Rab1 Be6 17. g4 Qc7 18. g5 b5 19. Qh4 Rab8 20. g3 c5 21. Qf4 Qxf4 22. gxf4 b4 23. Ne5 a5 24. Kg2 Rb6 25. f3 Bc8 26. cxb4 axb4 27. Ng4 c4 28. Bc2 Ra6 29. Kg3 Bxg4 30. fxg4 Rxa2 31. f5 Bxb2 32. Kf3 Bc3 33. Re2 d4 34. Rh1 b3 35. Reh2 Rxe3+ 36. Kf4 Rxc2 37. f6 Rxh2 38. Rxh2 b2 39. Rxh7 Re4+ 0-1

[Event "Hum na Sutli op 12th"]
[Site "Hum na Sutli"]
[Date "2018.08.31"]
[Round "9"]
[White "Cupic, Lovro"]
[Black "Hamer, Ivan"]
[Result "1-0"]
[WhiteElo "2191"]
[BlackElo "1974"]
[PlyCount "51"]
[EventDate "2018.08.25"]
[EventType "swiss"]
[EventRounds "9"]
[EventCountry "CRO"]
[SourceTitle "CBM 186 Extra"]
[Source "ChessBase"]
[SourceDate "2018.08.24"]
[SourceVersion "1"]
[SourceVersionDate "2018.08.24"]
[SourceQuality "1"]

1. e4 e6 2. d4 d5 3. Nc3 Bb4 4. e5 c5 5. a3 Ba5 6. b4 cxb4 7. Nb5 a6 8. axb4 axb5 9. Bd2 Nc6 10. Bxb5 Bd7 11. Bxc6 Bxc6 12. bxa5 Ne7 13. Ne2 0-0 14. 0-0 f6 15. exf6 Rxf6 16. Bg5 Rf5 17. Bh4 Qd7 18. Bg3 Bb5 19. Re1 Ng6 20. Nc1 b6 21. Nb3 bxa5 22. Nc5 Qf7 23. Nxe6 Ra7 24. Rb1 Qd7 25. Nc5 Qc6 26. Re6 1-0

[Event "Krapina-ch 8th "]
[Site "Krapina"]
[Date "2018.01.19"]
[Round "2"]
[White "Trsinski, Stjepan"]
[Black "Hamer, Ivan"]
[Result "0-1"]
[WhiteElo "1789"]
[BlackElo "1976"]
[PlyCount "87"]
[EventDate "2018.01.18"]
[EventType "swiss"]
[EventRounds "7"]
[EventCountry "CRO"]
[SourceTitle "EXT 2019"]
[Source "ChessBase"]
[SourceDate "2018.10.10"]
[SourceVersion "1"]
[SourceVersionDate "2018.10.10"]
[SourceQuality "1"]

1. e4 e6 2. d4 d5 3. e5 c5 4. c3 Qb6 5. Nf3 Bd7 6. Be2 Bb5 7. 0-0 Nc6 8. dxc5 Bxc5 9. b4 Bxe2 10. Qxe2 Be7 11. a4 Rc8 12. a5 Qc7 13. Bd2 Bd8 14. Na3 Qd7 15. Rad1 Nge7 16. c4 0-0 17. Ng5 h6 18. Nh3 Qc7 19. Rde1 dxc4 20. Nb5 Qd7 21. Nd6 Rb8 22. Qh5 Nf5 23. Bf4 g6 24. Qe2 g5 25. Nxf5 exf5 26. e6 fxe6 27. Bxb8 Nxb8 28. Qxc4 Qd5 29. Qe2 e5 30. Rd1 Qe6 31. f3 Nc6 32. Qb5 Be7 33. Qxb7 Bxb4 34. Rd7 Qf6 35. Rc1 Nd4 36. Rcc7 Ne6 37. Rc1 e4 38. Qxb4 g4 39. Nf2 gxf3 40. gxf3 Qg5+ 41. Kf1 Qxc1+ 42. Rd1 Qc6 43. fxe4 fxe4 44. Qb3 0-1

[Event "Krapina op 7th"]
[Site "Krapina"]
[Date "2017.01.15"]
[Round "7"]
[White "Galoic, Boris"]
[Black "Hamer, Ivan"]
[Result "1-0"]
[WhiteElo "2041"]
[BlackElo "1956"]
[PlyCount "127"]
[EventDate "2017.01.12"]
[EventType "swiss"]
[EventRounds "7"]
[EventCountry "CRO"]
[SourceTitle "CBM 176 Extra"]
[Source "ChessBase"]
[SourceDate "2017.03.02"]
[SourceVersion "1"]
[SourceVersionDate "2017.03.02"]
[SourceQuality "1"]

1. d4 Nf6 2. Nf3 g6 3. e3 Bg7 4. Be2 0-0 5. 0-0 b6 6. b3 c5 7. Bb2 Qc7 8. c4 cxd4 9. Nxd4 Nc6 10. Nb5 Qb8 11. Nd2 Rd8 12. Bf3 Ng4 13. Bxg4 Bxb2 14. Rb1 Bg7 15. Bf3 a6 16. Nd4 Ra7 17. Ne4 Ne5 18. Ng5 h6 19. Ne4 Bb7 20. Nd2 Nxf3+ 21. N2xf3 d5 22. cxd5 Bxd5 23. Qe2 e5 24. Nc2 Be4 25. Rbd1 Rc8 26. Rd2 a5 27. Rfd1 Bf8 28. h3 Rac7 29. Nce1 Rc5 30. Nh2 Kg7 31. Nf1 h5 32. Ng3 Bc6 33. e4 Bb5 34. Qe3 Be7 35. Nd3 Rc3 36. Ne2 R3c6 37. Qg3 Bf6 38. Ne1 a4 39. Nf3 axb3 40. axb3 Bxe2 41. Rxe2 Rc3 42. Rb2 Qa8 43. Re2 Rxb3 44. Rd6 Rc5 45. Rxf6 Kxf6 46. Qg5+ Kg7 47. Kh2 Qe8 48. Rd2 f6 49. Qh4 Rb1 50. g4 g5 51. Nxg5 Rcc1 52. Nf3 Rc3 53. gxh5 Qe6 54. Qg3+ Kf8 55. Rd8+ Ke7 56. Rd5 Qf7 57. Qg4 Rc7 58. Nh4 Ke8 59. Nf5 Rd7 60. Nd6+ Rxd6 61. Rxd6 Rc1 62. Rxb6 Rc7 63. Qf5 Ke7 64. h6 1-0

[Event "Krapina op 7th"]
[Site "Krapina"]
[Date "2017.01.13"]
[Round "3"]
[White "Hamer, Ivan"]
[Black "Jelecevic, Ivo"]
[Result "0-1"]
[WhiteElo "1956"]
[BlackElo "2137"]
[PlyCount "76"]
[EventDate "2017.01.12"]
[EventType "swiss"]
[EventRounds "7"]
[EventCountry "CRO"]
[SourceTitle "CBM 176 Extra"]
[Source "ChessBase"]
[SourceDate "2017.03.02"]
[SourceVersion "1"]
[SourceVersionDate "2017.03.02"]
[SourceQuality "1"]

1. Nf3 c5 2. g3 Nf6 3. Bg2 Nc6 4. c4 e6 5. Nc3 d5 6. cxd5 exd5 7. d4 Be6 8. 0-0 h6 9. Bf4 Rc8 10. Rc1 b6 11. Re1 Be7 12. dxc5 bxc5 13. Na4 Qa5 14. Bd2 Qb5 15. Bf1 Ne4 16. Bc3 0-0 17. b3 Nb4 18. e3 Qb7 19. Bxb4 Qxb4 20. Ne5 Bf6 21. Nd3 Qa3 22. f3 c4 23. fxe4 cxd3 24. Rxc8 Rxc8 25. exd5 Bxd5 26. Qxd3 Be6 27. Qe2 Bf5 28. e4 Bd4+ 29. Kh1 Be6 30. Rd1 Bf6 31. Bg2 Rc1 32. Rxc1 Qxc1+ 33. Qf1 Qc2 34. Qg1 Qxa2 35. Nc5 Bg4 36. h3 Be2 37. Qf2 Qa1+ 38. Qg1 Qxg1+ 0-1

[Event "Krapina op 6th"]
[Site "Krapina"]
[Date "2016.01.21"]
[Round "1"]
[White "Hamer, Ivan"]
[Black "Draskovic, Ivica"]
[Result "1-0"]
[WhiteElo "1995"]
[BlackElo "1637"]
[PlyCount "100"]
[EventDate "2016.01.21"]
[EventType "swiss"]
[EventRounds "7"]
[EventCountry "CRO"]
[SourceTitle "CBM 170 Extra"]
[Source "ChessBase"]
[SourceDate "2016.02.25"]
[SourceVersion "1"]
[SourceVersionDate "2016.02.25"]
[SourceQuality "1"]

1. d4 e6 2. c4 d5 3. Nc3 Bb4 4. e3 Nf6 5. Nf3 0-0 6. Bd2 a5 7. Rc1 Bxc3 8. Bxc3 Ne4 9. Bd3 Nxc3 10. Rxc3 Nd7 11. cxd5 exd5 12. Qc2 c6 13. Bxh7+ Kh8 14. Bf5 Qf6 15. 0-0 g6 16. Bxd7 Bxd7 17. Ne5 Be6 18. Qb3 Rfb8 19. Qb6 Kg7 20. Qc7 Qd8 21. Qxd8 Rxd8 22. Rb3 Rdb8 23. Rc1 f6 24. Nf3 Kf7 25. Rc5 Bd7 26. Rb6 Ra6 27. Rxa6 bxa6 28. Rxa5 Rxb2 29. h3 Bc8 30. Ne1 Rb1 31. Kf1 Ke6 32. Ke2 Rb2+ 33. Kf3 Rd2 34. Ra3 Kd6 35. Nd3 g5 36. Nc5 f5 37. Nxa6 Bxa6 38. Rxa6 Kc7 39. Ra7+ Kb6 40. Rg7 f4 41. a3 Rd3 42. Rxg5 fxe3 43. fxe3 Rxa3 44. h4 Ra8 45. h5 Kb5 46. h6 Kc4 47. h7 Rh8 48. Rh5 c5 49. dxc5 Kxc5 50. g4 Kc4 1-0

[Event "Zagreb op"]
[Site "Zagreb"]
[Date "2015.04.17"]
[Round "1"]
[White "Bosiocic, Marin"]
[Black "Hamer, Ivan"]
[Result "1-0"]
[WhiteElo "2556"]
[BlackElo "1970"]
[PlyCount "103"]
[EventDate "2015.04.17"]
[EventType "swiss"]
[EventRounds "9"]
[EventCountry "CRO"]
[SourceTitle "CBM 166 Extra"]
[Source "ChessBase"]
[SourceDate "2015.06.18"]
[SourceVersion "1"]
[SourceVersionDate "2015.06.18"]
[SourceQuality "1"]

1. e4 e6 2. d4 d5 3. Nd2 Nf6 4. e5 Nfd7 5. Bd3 c5 6. c3 Nc6 7. Ne2 cxd4 8. cxd4 f6 9. exf6 Nxf6 10. 0-0 Bd6 11. Nf3 Qc7 12. Bg5 0-0 13. Rc1 e5 14. dxe5 Bxe5 15. Qb3 Kh8 16. Nxe5 Qxe5 17. Bf4 Qe7 18. Rfe1 Be6 19. a3 Nh5 20. Bd2 Qf7 21. f3 Ne5 22. Nd4 Nxd3 23. Qxd3 Rae8 24. Nb5 Nf4 25. Bxf4 Qxf4 26. Qd4 Qg5 27. Qe5 Qg6 28. Qg3 Bd7 29. Qxg6 Rxe1+ 30. Rxe1 hxg6 31. Nd4 Re8 32. Rxe8+ Bxe8 33. Kf2 Kg8 34. Ke3 Kf7 35. Kf4 Kf6 36. h4 Bd7 37. g4 Be8 38. g5+ Ke7 39. Ke5 Bc6 40. b3 Kd7 41. b4 a6 42. Ne6 Ke7 43. Nf4 d4 44. Nxg6+ Kf7 45. Nf4 Bxf3 46. Kxd4 b6 47. Nd5 a5 48. Nxb6 axb4 49. axb4 Kg6 50. Ke3 Bc6 51. Kf4 Kh5 52. Nc4 1-0

[Event "Hum na Sutli op 8th"]
[Site "Hum na Sutli"]
[Date "2014.09.04"]
[Round "8"]
[White "Fercec, Nenad"]
[Black "Hamer, Ivan"]
[Result "1-0"]
[WhiteElo "2503"]
[BlackElo "1940"]
[PlyCount "109"]
[EventDate "2014.08.29"]
[EventType "swiss"]
[EventRounds "9"]
[EventCountry "CRO"]
[SourceTitle "CBM 162 Extra"]
[Source "ChessBase"]
[SourceDate "2014.10.17"]
[SourceVersion "1"]
[SourceVersionDate "2014.10.17"]
[SourceQuality "1"]

1. e4 e6 2. d4 d5 3. Nd2 Nf6 4. e5 Nfd7 5. Bd3 c5 6. c3 Nc6 7. Ne2 cxd4 8. cxd4 f6 9. exf6 Nxf6 10. 0-0 Bd6 11. Nf3 Qc7 12. Nc3 a6 13. Be3 0-0 14. Rc1 Bd7 15. Na4 Be8 16. Ng5 Bxh2+ 17. Kh1 Bh5 18. Be2 Bxe2 19. Qxe2 Rae8 20. Nc5 Ne4 21. Ncxe4 dxe4 22. g3 Bxg3 23. fxg3 Qxg3 24. Rxf8+ Rxf8 25. Qh2 Qxh2+ 26. Kxh2 h6 27. Nxe4 Rf3 28. Re1 Nb4 29. Kg2 Rf7 30. Nc3 Rd7 31. Kf3 g5 32. Bg1 Kf7 33. Ke4 Kg6 34. Rf1 Nc6 35. Na4 h5 36. Nc5 Re7 37. Bh2 b6 38. Nxa6 Ra7 39. Rc1 Nxd4 40. Nb4 Ra4 41. a3 Nb3 42. Rc6 Nd2+ 43. Kd3 Nf3 44. Bc7 Ra7 45. Rxe6+ Kf5 46. Re7 h4 47. Nd5 g4 48. Ke3 Ra5 49. Nc3 Kf6 50. Re4 Kf5 51. Rf4+ Kg5 52. Ne4+ Kh5 53. Nf6+ Kg5 54. Nxg4 Ne1 55. Bd8+ 1-0

[Event "Hum na Sutli op 7th"]
[Site "Hum na Sutli"]
[Date "2013.08.31"]
[Round "2"]
[White "Veleski, Robert"]
[Black "Hamer, Ivan"]
[Result "1-0"]
[WhiteElo "2264"]
[BlackElo "2013"]
[PlyCount "41"]
[EventDate "2013.08.30"]
[EventType "swiss"]
[EventRounds "9"]
[EventCountry "CRO"]
[SourceTitle "EXT 2015"]
[Source "ChessBase"]
[SourceDate "2014.11.20"]
[SourceVersion "1"]
[SourceVersionDate "2014.11.20"]
[SourceQuality "1"]

1. e4 c5 2. Nf3 a6 3. d4 cxd4 4. Nxd4 Nf6 5. Bd3 Nc6 6. Nxc6 dxc6 7. 0-0 e5 8. Nd2 Bc5 9. Nc4 Qc7 10. Bg5 Be6 11. Qf3 Nd7 12. a4 a5 13. Rfd1 f6 14. Bd2 0-0 15. Qe2 f5 16. exf5 Bxf5 17. Bxf5 Rxf5 18. Be3 Raf8 19. Rxd7 Qxd7 20. Bxc5 R8f6 21. Rd1 1-0

[Event "Krapina op 2nd"]
[Site "Krapina"]
[Date "2012.06.27"]
[Round "2"]
[White "Hamer, Ivan"]
[Black "Kozina, Zdenko"]
[Result "1-0"]
[WhiteElo "2057"]
[BlackElo "1893"]
[PlyCount "65"]
[EventDate "2012.06.26"]
[EventType "swiss"]
[EventRounds "9"]
[EventCountry "CRO"]
[SourceTitle "EXT 2013"]
[Source "ChessBase"]
[SourceDate "2012.11.22"]
[SourceVersion "1"]
[SourceVersionDate "2012.11.22"]
[SourceQuality "1"]

1. e4 e6 2. d4 d5 3. e5 c5 4. Nf3 Nc6 5. c3 Qb6 6. dxc5 Bxc5 7. Qc2 Qc7 8. Bf4 Bd7 9. Bd3 Nge7 10. 0-0 Ng6 11. Bg3 a6 12. Re1 Be7 13. Nbd2 Rc8 14. a3 Na5 15. Nd4 Bc5 16. N2f3 Bxd4 17. Nxd4 Nc6 18. Nf3 Qb6 19. Qe2 Na5 20. a4 Nb3 21. Ra3 Na5 22. Ng5 Nc6 23. h4 Nce7 24. h5 Nf8 25. a5 Qc6 26. Bh2 h6 27. Nf3 Qc5 28. Nd4 Nc6 29. Qg4 Rg8 30. Nb3 Qe7 31. Bf4 g5 32. Be3 Na7 33. Bxa7 1-0

[Event "Sentjur Ipavec Memorial-A 12th"]
[Site "Sentjur"]
[Date "2011.09.20"]
[Round "8"]
[White "Hamer, Ivan"]
[Black "Leonardi, Caterina"]
[Result "0-1"]
[WhiteElo "2085"]
[BlackElo "1723"]
[PlyCount "68"]
[EventDate "2011.09.14"]
[EventType "swiss"]
[EventRounds "9"]
[EventCountry "SLO"]
[SourceTitle "CBM 144 Extra"]
[Source "ChessBase"]
[SourceDate "2011.10.28"]
[SourceVersion "1"]
[SourceVersionDate "2011.10.28"]
[SourceQuality "1"]

1. d4 Nf6 2. c4 g6 3. Nc3 d5 4. Nf3 Bg7 5. cxd5 Nxd5 6. e4 Nxc3 7. bxc3 c5 8. Be2 0-0 9. 0-0 Nc6 10. Be3 Bg4 11. d5 Bxf3 12. Bxf3 Ne5 13. Bxc5 Rc8 14. Bd4 Nxf3+ 15. Qxf3 Bxd4 16. cxd4 Rc4 17. Rfd1 Qa5 18. Qb3 b5 19. h4 Rfc8 20. a3 Qb6 21. Qe3 a5 22. Rd3 b4 23. Rb1 Qa6 24. axb4 axb4 25. Rdb3 Rc3 26. Qd2 Rc2 27. Qxb4 Qe2 28. Qe1 Qg4 29. g3 Re2 30. Qd1 Qxe4 31. Rb8 Rxb8 32. Rxb8+ Kg7 33. Rb1 Qf3 34. Rb3 Qxf2+ 0-1

[Event "Sentjur Ipavec Memorial-A 12th"]
[Site "Sentjur"]
[Date "2011.09.17"]
[Round "5"]
[White "Jeran, Bostjan"]
[Black "Hamer, Ivan"]
[Result "1-0"]
[WhiteElo "2233"]
[BlackElo "2085"]
[PlyCount "53"]
[EventDate "2011.09.14"]
[EventType "swiss"]
[EventRounds "9"]
[EventCountry "SLO"]
[SourceTitle "CBM 144 Extra"]
[Source "ChessBase"]
[SourceDate "2011.10.28"]
[SourceVersion "1"]
[SourceVersionDate "2011.10.28"]
[SourceQuality "1"]

1. e4 e6 2. d3 b6 3. g3 Bb7 4. Bg2 f5 5. Nh3 Nf6 6. 0-0 fxe4 7. Re1 Bc5 8. dxe4 0-0 9. Bf4 d6 10. e5 Bxg2 11. Kxg2 dxe5 12. Qxd8 Rxd8 13. Bxe5 Na6 14. Nc3 Rd2 15. Bxf6 gxf6 16. Ne4 Rxc2 17. Nxf6+ Kg7 18. Rxe6 Rd8 19. Rae1 Rxb2 20. R1e4 h6 21. Ne8+ Kh7 22. Rg4 Bd4 23. Re7+ Kh8 24. Rg6 Nc5 25. Rxh6+ Kg8 26. Nf6+ Kf8 27. Rxc7 1-0

[Event "Krapina op"]
[Site "Krapina"]
[Date "2011.07.16"]
[Round "9"]
[White "Hamer, Ivan"]
[Black "Kozina, Zdenko"]
[Result "1/2-1/2"]
[WhiteElo "2099"]
[BlackElo "1920"]
[PlyCount "136"]
[EventDate "2011.06.29"]
[EventType "swiss"]
[EventRounds "9"]
[EventCountry "CRO"]
[SourceTitle "EXT 2012"]
[Source "ChessBase"]
[SourceDate "2011.11.24"]
[SourceVersion "1"]
[SourceVersionDate "2011.11.24"]
[SourceQuality "1"]

1. e4 e6 2. d4 d5 3. Nc3 dxe4 4. Nxe4 Bd7 5. Bd3 Bc6 6. Nf3 Nd7 7. 0-0 Ngf6 8. Nxf6+ Nxf6 9. Ne5 Be7 10. Nxc6 bxc6 11. Be3 0-0 12. c4 Qd6 13. Qe2 e5 14. dxe5 Qxe5 15. b3 Bd6 16. g3 Rfe8 17. Qf3 c5 18. Rad1 Rad8 19. Rfe1 Qh5 20. Qxh5 Nxh5 21. Be2 Nf6 22. Bf3 Ne4 23. Bxe4 Rxe4 24. Rd5 Rde8 25. Red1 f6 26. Bxc5 Re2 27. Bxd6 cxd6 28. Ra5 R8e7 29. Rxd6 Rc2 30. Rda6 Ree2 31. Rf5 Rxa2 32. Rxa2 Rxa2 33. b4 Kf7 34. Rb5 Re2 35. c5 Re5 36. Rb7+ Kg6 37. Kf1 a5 38. bxa5 Rxc5 39. a6 Ra5 40. a7 Ra2 41. Ke1 h5 42. h4 Kh6 43. Kd1 g5 44. Kc1 Kg6 45. Kb1 Ra6 46. Kc2 Kf5 47. Kb3 Kg4 48. Rf7 gxh4 49. gxh4 Kxh4 50. Rg7 Kh3 51. Kc4 h4 52. Kd5 f5 53. Ke5 Ra5+ 54. Kf4 Kh2 55. Kf3 Ra4 56. Rf7 h3 57. Rh7 Ra3+ 58. Kf4 Kg2 59. Kxf5 h2 60. f4 Rxa7 61. Rxh2+ Kxh2 62. Kg6 Ra1 63. f5 Kh3 64. f6 Rg1+ 65. Kh7 Kh4 66. f7 Rf1 67. Kg7 Rg1+ 68. Kh6 Rf1 1/2-1/2